000 00464nam a2200157 i 4500
001 100420
003 ES-MaACL
005 20230906182654.0
007 t|
008 050928s1961 sp ||||1| spa d
100 1 _aMasa Ortiz, Miguel.
_978656
245 1 0 _aValoración y pago de las horas extraordinarias /
_cMiguel Masa Ortiz.
260 _aBarcelona :
_bSelecciones Editoriales,
_c1961.
300 _a71 p. ;
_c21 cm.
852 _aES-MaACL
_jC-21176
_bR.49079
999 _c100420
_d100420